书目信息 |
| 题名: |
语言
|
|
| 作者: | 刘焕辉 著 | |
| 分册: | ||
| 出版信息: | 武汉 湖北人民出版社 1982 |
|
| 页数: | 94页 | |
| 开本: | 19cm | |
| 丛书名: | ||
| 单 册: | ||
| 中图分类: | I210.97 , G613.2 | |
| 科图分类: | ||
| 主题词: | 鲁迅著作-文学语言--研究 , 文学语言-鲁迅著作--研究 , 教育--各级 | |
| 电子资源: | ||
| ISBN: | ||
| 000 | 00778nam0 2200277 45 | |
| 001 | 1553000518 | |
| 005 | 20150207201210.54 | |
| 010 | @dCNY0.35 | |
| 091 | @aCN@b7106.1611 | |
| 100 | @a19950515d1982 em y0chiy0121 ea | |
| 101 | 0 | @achi |
| 102 | @aCN@b420000 | |
| 105 | @ay z 000zy | |
| 200 | 10 | @a语言@Ayu yan@e鲁迅作品语言独特用法举隅@f刘焕辉著 |
| 210 | @a武汉@c湖北人民出版社@d1982 | |
| 215 | @a94页@d19cm | |
| 517 | 1 | @a鲁迅作品语言独特用法举隅@Alu xun zuo pin yu yan du te yong fa ju yu |
| 606 | @a鲁迅著作-文学语言@x研究 | |
| 606 | @a文学语言-鲁迅著作@x研究 | |
| 606 | 0 | @a教育@x各级 |
| 690 | @aI210.97@v3 | |
| 690 | @aG613.2@v4 | |
| 701 | 0 | @a刘焕辉@Aliu huan hui@4著 |
| 801 | 0 | @aCN@bTSSF@c20150207 |
| 801 | 2 | @aCN@bNLC |
| 905 | @aZUCC@dG613.2@eJY108 | |
| 语言:鲁迅作品语言独特用法举隅/刘焕辉著.-武汉:湖北人民出版社,1982 |
| 94页;19cm |
| ISBN :CNY0.35 |
| ● |
| 相关链接 |
|
|
|
|
正题名:语言
索取号:G613.2/JY108
 
预约/预借
| 序号 | 登录号 | 条形码 | 馆藏地/架位号 | 状态 | 备注 |
| 1 | 7837403 | 278374037 | 学院路分馆/ [索取号:G613.2/JY108] | 在馆 | |
| 2 | 7837404 | 278374046 | 学院路分馆/ [索取号:G613.2/JY108] | 在馆 |